TEXTBOOK OF MEDICAL MYCOLOGY (Record no. 216447)

MARC details
000 -LEADER
fixed length control field 00452nam a22001697a 4500
008 - FIXED-LENGTH DATA ELEMENTS--GENERAL INFORMATION
fixed length control field 260112b |||||||| |||| 00| 0 eng d
020 ## - INTERNATIONAL STANDARD BOOK NUMBER
International Standard Book Number 978-93-86261-63-0
100 ## - MAIN ENTRY--PERSONAL NAME
Personal name CHANDER, JAGDISH
245 ## - TITLE STATEMENT
Title TEXTBOOK OF MEDICAL MYCOLOGY
250 ## - EDITION STATEMENT
Edition statement 4TH ED
260 ## - PUBLICATION, DISTRIBUTION, ETC.
Place of publication, distribution, etc. NEW DELHI
Name of publisher, distributor, etc. JAYPEE BROTHERS
Date of publication, distribution, etc. 2018
300 ## - PHYSICAL DESCRIPTION
Extent XIX, 936P.
500 ## - GENERAL NOTE
General note INCLUDES INDEX
650 ## - SUBJECT ADDED ENTRY
Topical term or geographic name entry element 1. MEDICAL MYCOLOGY 2. MYCOSES
942 ## - ADDED ENTRY ELEMENTS (KOHA)
Source of classification or shelving scheme Library of Congress Classification
Koha item type Long Loan Book
Holdings
Withdrawn status Lost status Source of classification or shelving scheme Damaged status Not for loan Collection Home library Current library Shelving location Date acquired Inventory number Total checkouts Full call number Barcode Date last seen Copy number Price effective from Koha item type
    Library of Congress Classification     Medicine Kisii University Library Kisii University Library On Display 01/12/2026 110856   RC 117 .C43 2018 000000024277 01/12/2026 C.1 01/12/2026 Long Loan Book
    Library of Congress Classification     Medicine Kisii University Library Kisii University Library On Display 01/12/2026 110857   RC 117 .C43 2018 000000024278 01/12/2026 C.2 01/12/2026 Long Loan Book
    Library of Congress Classification     Medicine Kisii University Library Kisii University Library On Display 01/12/2026 110858   RC 117 .C43 2018 000000024279 01/12/2026 C.3 01/12/2026 Long Loan Book
    Library of Congress Classification     Medicine Kisii University Library Kisii University Library On Display 01/12/2026 110859   RC 117 .C43 2018 000000024280 01/12/2026 C.4 01/12/2026 Long Loan Book